000
00285nam a22001217a 4500
020
_a
0-87364-057-8
082
_a
355 GLA'I
100
_a
GLACKIN, JAMES J
_9
74456
245
_a
INPROVEMENT MUNITIONS SYSTEMS
260
_a
NEWJERSCY
_b
HAESSNER
_c
1976
300
_a
76P
942
_c
BK
_2
ddc
999
_c
579981
_d
579981